000 00563nam a2200217Ia 4500
003 OSt
005 20220928143413.0
006 a|||||r|||| 00| 0
007 ta
008 220927b |||||||| |||| 00| 0 eng d
024 _a22064
037 _cTextual
040 _aSDCL
_cSDCL
_beng
041 _2eng
_aeng
082 _aE9G,92Z2:f3, P5
100 _aGellissen Gerd Ed.
_9505393
245 0 _aProduction of recombinant proteins.
260 _c2005
942 _hE9G,92Z2:f3, P5
_cTEXL
_2CC
999 _c824080
_d824080